Vytyčovanie trasy efektívnosti s prepočtami a návrhmi opatrení riešené v rámci čiastkovej výskumnej úlohy ŠPEV VIII-2-3/7: Metodologické otázky merania prínosov vedecko-technického pokroku

Guardado en:
Detalles Bibliográficos
Formato: Libro
Lenguaje:eslovaco
Publicado: Bratislava VŠE 1985
Etiquetas: Agregar Etiqueta
Sin Etiquetas, Sea el primero en etiquetar este registro!

MARC

LEADER 00000nam a2200000 4500
001 c109860
005 20260325114247.1
041 0 |a slo 
044 |a SK 
245 1 0 |a Vytyčovanie trasy efektívnosti s prepočtami a návrhmi opatrení  |b riešené v rámci čiastkovej výskumnej úlohy ŠPEV VIII-2-3/7: Metodologické otázky merania prínosov vedecko-technického pokroku 
264 1 |a Bratislava  |b VŠE  |c 1985 
300 |a 63 s.